Photography To-Day (Record no. 1220096)

MARC details
000 -LEADER
fixed length control field 00466nam a2200193Ia 4500
008 - FIXED-LENGTH DATA ELEMENTS--GENERAL INFORMATION
fixed length control field 151121s9999||||xx |||||||||||||| ||und||
082 ## - DEWEY DECIMAL CLASSIFICATION NUMBER
Classification number 770/Spe
082 ## - DEWEY DECIMAL CLASSIFICATION NUMBER
Item number HNW-18139
100 ## - MAIN ENTRY--PERSONAL NAME
Personal name Spencer D। A।
245 ## - TITLE STATEMENT
Title Photography To-Day
260 ## - PUBLICATION, DISTRIBUTION, ETC. (IMPRINT)
Name of publisher, distributor, etc "Oxford Uni, London"
260 ## - PUBLICATION, DISTRIBUTION, ETC. (IMPRINT)
Date of publication, distribution, etc --
300 ## - PHYSICAL DESCRIPTION
Extent 160
600 ## - SUBJECT ADDED ENTRY--PERSONAL NAME
Personal name Spencer D। A।
630 ## - SUBJECT ADDED ENTRY--UNIFORM TITLE
Uniform title Photography To-Day
700 ## - ADDED ENTRY--PERSONAL NAME
Personal name Spencer D। A।
730 ## - ADDED ENTRY--UNIFORM TITLE
Uniform title Photography To-Day
942 ## - ADDED ENTRY ELEMENTS (KOHA)
Koha item type Book
Holdings
Withdrawn status Lost status Damaged status Not for loan Home library Current library Date acquired Cost, normal purchase price Total Checkouts Full call number Barcode Date last seen Cost, replacement price Price effective from Koha item type
        Hirachand Nemchand Wachanalaya, Solapur Hirachand Nemchand Wachanalaya, Solapur 11/21/2015 0.00   HNW-18139 HNW-18139 11/21/2015 0.00 11/21/2015 Book